000 00833nam a22002537a 4500
001 BR8807251
003 BR-BrBNA
005 20230928093107.0
007 ta
008 230509b bl.||||| |||| 00| 0 por d
040 _aBR-BrBNA
_bpor
_cBiblioteca Nacional de Agricultura
041 _a(Por)
072 _aE11
_b/G514
090 _ E11 BR8807251
110 1 _aInstituto Nacional de Colonizacao e Reforma Agraria, Brasilia, DF (Brasil). Diretoria de Cadastro e Tributacao
_96418
245 1 _aSistema Nacional de Cadastro Rural. Estatisticas cadastrais. v. 1 - Recadastramento - 1978. Brasil e grandes regioes
260 3 _aBrasilia, DF (Brasil):
_c1985.
300 _a267 p.
500 _aNumerical data
650 _aCADASTRO RURAL
650 _aPROPRIEDADE RURAL
909 _a202309
_bLucia
_c55
_dLucia Elande
942 _cBK
999 _c42961
_d42961